Slečna au-pair, aneb, Jak jsem pečovala o anglické děti /

Main Author: Dömény, Eva, 1978-
Other Authors: Slaba, Petr, 1967-
Language: Czech
Published: Praha : Formát, 2003
Edition: Vyd. 1.
Online Access: Digitalizovaný dokument
Physical Description: 271 s. : il. ; 21 cm
Book
Saved in:
LEADER 01514nam a2200409 a 4500
001 000708719
003 CZ BrMZK
005 20070129151040.0
007 ta
008 040316s2003 xr a e 000 mdcze d
015 |a cnb001300179 
020 |a 80-86718-17-4  |q (brož.) 
035 |a (OCoLC)56862309 
040 |a ULG001  |b cze  |d BOA001  |d ABA001 
043 |a e-xr---  |a e-uk--- 
072 7 |a 821.162.3-3  |x Česká próza  |2 Konspekt  |9 25 
080 |a 613.952/.954  |2 MRF 
080 |a (437.3)  |2 MRF 
080 |a (410)  |2 MRF 
080 |a (0:82-94)  |2 MRF 
080 |a 929  |2 MRF 
080 |a [37.011.3-051]:331.556.4  |2 MRF 
100 1 |a Dömény, Eva,  |d 1978-  |7 xx0014698  |4 aut 
245 1 0 |a Slečna au-pair, aneb, Jak jsem pečovala o anglické děti /  |c Eva Dömény ; [ilustrace Petr Slaba] 
246 3 3 |a Jak jsem pečovala o anglické děti 
250 |a Vyd. 1. 
260 |a Praha :  |b Formát,  |c 2003 
300 |a 271 s. :  |b il. ;  |c 21 cm 
600 1 7 |a Dömény, Eva,  |d 1978-  |7 xx0014698  |2 czenas 
650 0 7 |a péče a výchova  |7 ph137878  |z Velká Británie  |2 czenas 
650 0 7 |a au-pair  |7 ph118664  |z Česko  |2 czenas 
655 7 |a autobiografické vzpomínky  |7 fd131854  |2 czenas 
700 1 |a Slaba, Petr,  |d 1967-  |7 mzk2007377405  |4 ill 
856 4 1 |u http://www.digitalniknihovna.cz/mzk/uuid/uuid:8c921230-fde8-11e3-89c6-005056827e51  |y Digitalizovaný dokument  |x NDK 
910 |a BOA001  |b 2-1131.452 
990 |a BK 
996 6 |b 2610215331  |c 2-1131.452  |l MZK  |r Sklad / do 1 hodiny  |n 6  |p p.v.  |w 000708719  |u 000010  |a 1  |e BOA001  |j MZK50  |s P